00372nam a22001337a 450000500170000000800410001704100120005808200120007010000120008224500350009426000490012930000340017865000260021220240726064403.0240726b |||||||| |||| 00| 0 eng d aEnglish a349 SOU lEnglish aThe South African Law Reports  aCape Town: bJuta and Company Ltd, c1885-6  bxlviii, 502 pages ; c25 cm.  aLegal practice bLaw